000 00581nam a2200229Ia 4500
003 OSt
005 20221007081132.0
006 a|||||r|||| 00| 0
007 ta
008 221006b |||||||| |||| 00| 0 eng d
024 _a25,945
037 _cTextual
040 _aFLL
_cFLL
_beng
041 _2eng
_aeng
082 _aZ73:3, J4.1
100 _aWincor R.
_9696503
245 0 _aLaw of contracts
260 _aNew York
_bOceana Publications New
_c1954
300 _a1-120p
_ccm.
942 _hZ73:3, J4.1
_cTEXL
_2CC
999 _c1162152
_d1162152